00337nam a2200133Ia 4500008004100000082001600041100001300057245004500070250000800115260002800123300001200151500002400163650001600187230524s9999 xx 000 0 und d a621.38bJAI aV.K.Jain 0aSwitching Theory and Digital Electronics a3RD aNEW DELHIbKhannac2002 aVII;428 aQuantity Number: 2 aElectronics